Logo BPK

Biblioteka

Politechniki Koszalińskiej

Rola towaroznawstwa w zarządzaniu jakością w warunkach gospodarki opartej na wiedzy : (Rekord nr 44797)

Szczegóły MARC
000 -ETYKIETA REKORDU
podpole kontrolne o stałej długości 01228nam a2200277 i 4500
001 - NUMER KONTROLNY REKORDU
pole kontrolne bg
020 ## - MIĘDZYNARODOWY ZNORMALIZOWANY NUMER KSIĄŻKI - ISBN
ISBN 8373511458
040 ## - ŹRÓDŁO KATALOGOWANIA
Instytucja, która utworzyła rekord BPK
041 0# - KOD JĘZYKA
Kod języka tekstu poleng
080 ## - UNIWERSALNA KLASYFIKACJA DZIESIĘTNA - UKD
UKD 620.2:658.56.012](061)
920 ## - Międzynarodowy znormalizowany numer książki – ISBN
ISBN 83-7351-145-8
008 - POLE O STAŁEJ DŁUGOŚCI - DANE KONTROLNE
podpole kontrolne o stałej długości s pl f |000 0 pol
245 00 - TYTUŁ/ODPOWIEDZIALNOŚĆ
Tytuł Rola towaroznawstwa w zarządzaniu jakością w warunkach gospodarki opartej na wiedzy :
Ciąg dalszy tytułu materiały z krajowej konferencji, Radom, październik 2002 /
Pozostałe elementy strefy tytułu i oznaczenia odpowiedzialności red. nauk. Jerzy Żuchowski ; Politechnika Radomska. Wydział Ekonomiczny. Katedra Technologii i Towaroznawstwa, Polska Akademia Nauk. Komisja Nauk Towaroznawczych - Nauk o Jakości.
260 ## - STREFA ADRESU WYDAWNICZEGO
Miejsce wydania Radom :
Nazwa wydawcy/dystrybutora PR. WEKTiT,
Data publikacji, dystrybucji/powstania dokumentu 2002.
300 ## - STREFA OPISU FIZYCZNEGO
Objętość 667, [1] s. :
Inne cechy fizyczne il ;
Rozmiary 25 cm.
500 ## - UWAGI OGÓLNE
Tekst uwagi Tekst częśc. ang.
504 ## - UWAGA DOTYCZĄCA BIBLIOGRAFII
Informacje o bibliografii Bibliogr. przy ref.
650 #9 - HASŁO PRZEDMIOTOWE W FORMIE NAZWY OGÓLNEJ LUB JEDNOSTKOWEJ
Nazwa ogólna lub geograficzna Towaroznawstwo
650 #9 - HASŁO PRZEDMIOTOWE W FORMIE NAZWY OGÓLNEJ LUB JEDNOSTKOWEJ
Nazwa ogólna lub geograficzna Zarządzanie jakością
655 ## - TERMIN INDEKSOWY - OKREŚLENIE RODZAJU/FORMY DOKUMENTU
Określenie rodzaju/formy dokumentu Materiały konferencyjne
700 1# - HASŁO DODATKOWE - NAZWA OSOBOWA
Nazwa osobowa ŻUCHOWSKI, Jerzy.
Określenie związku między hasłem a opisywanym materiałem Red.
710 #0 - HASŁO DODATKOWE - NAZWA CIAŁA ZBIOROWEGO
Nazwa ciała zbiorowego lub jednostki geograficznej Politechnika Radomska im. Kazimierza Pułaskiego
Nazwa jednostki podrzędnej Katedra Technologii i Towaroznawstwa
710 #0 - HASŁO DODATKOWE - NAZWA CIAŁA ZBIOROWEGO
Nazwa ciała zbiorowego lub jednostki geograficznej Polska Akademia Nauk
Nazwa jednostki podrzędnej Komisja Nauk Towaroznawczych - Nauk o Jakości (Poznań)
856 ## - LOKALIZACJA I DOSTĘP DO ELEKTRONICZNYCH DOKUMENTÓW ZDALNYCH
Link (URL) http://koha.tu.koszalin.pl/cgi-bin/koha/opac-detail.pl?biblionumber=44797
Tekst linku Katalog online BPK
942 ## - DODATKOWE ELEMENTY (KOHA)
Typ dokumentu Książka
Egzemplarze
Wycofany Status egzemplarza Uszkodzony Dostępność Lokalizacja stała Lokalizacja bieżąca Miejsce przechowywania Sygnatura Kod kreskowy Dział Typ dokumentu
      Tylko na miejscu Biblioteka Politechniki Koszalińskiej Biblioteka Politechniki Koszalińskiej Czytelnia BG 72423 02171869 005.6 Zarządzanie jakością Książka
      Dostępny Biblioteka Politechniki Koszalińskiej Biblioteka Politechniki Koszalińskiej Wypożyczalnia BG 72424 02171852   Książka
© 2023 Biblioteka Politechniki Koszalińskiej :: KOHA